000 00726nam a22002417a 4500
003 URS
005 20251002092353.0
008 251002b |||||||| |||| 00| 0 eng d
020 _a978-1-975178-58-1
040 _erda
_cURS
_bEnglish
050 1 0 _aRT41
_b.L666 2023
245 0 0 _aLippincott nursing procedures /
250 _aNinth edition.
264 _aPhiladelphia :
_bWolters Kluwer,
_c©2023.
300 _a ix, 924 pages :
_bcolor illustrations ;
_c28 cm.
336 _atext
_btxt
_2rdacontent
337 _aunmediated
_bn
_2rdamedia
338 _avolume
_bnc
_2rdacarrier
504 _aIncludes bibliographical references.
650 0 _aNursing.
_91023
650 0 _aEvidence-based nursing.
_91033
942 _2lcc
_cR
999 _c87104
_d87102